[Event "BL 1314 SK König Tegel - SV Griesheim"]
[Site "?"]
[Date "2013.10.12"]
[Round "1.4"]
[White "Von Herman, Ulf"]
[Black "Grabarczyk, Miroslaw"]
[Result "0-1"]
[WhiteElo "2391"]
[BlackElo "2463"]
[PlyCount "98"]
[EventDate "2013.??.??"]

1. c4 e6 2. Nc3 d5 3. d4 Nf6 4. Bg5 Be7 5. e3 h6 6. Bh4 O-O 7. Rc1 Ne4 8. Bxe7
Qxe7 9. cxd5 Nxc3 10. bxc3 exd5 11. Bd3 c5 12. Ne2 Nd7 13. O-O Nf6 14. dxc5
Qxc5 15. c4 dxc4 16. Bxc4 Qg5 17. Nf4 Bd7 18. h4 Qf5 19. Nd5 Nxd5 20. Bxd5 Bb5
21. Re1 Rad8 22. e4 Qf6 23. Qf3 Qxh4 24. Rc7 Rd7 25. Rec1 Qe7 26. Qg3 Bc6 27.
Rxd7 Qxd7 28. Rd1 Qe7 29. Qd3 Re8 30. Qd4 a6 31. Qb6 Rc8 32. Rb1 Rc7 33. Rc1
Qd7 34. Rd1 Rc8 35. g3 Qe7 36. Rc1 Qd8 37. Qxd8+ Rxd8 38. Bxc6 Rc8 39. Rb1 Rxc6
40. Rxb7 Rc2 41. Rb8+ Kh7 42. Rb7 f6 43. Kg2 Rxa2 44. g4 a5 45. Ra7 a4 46. Kg3
a3 47. f3 Ra1 48. Kf4 a2 49. Ra6 g6 0-1

[Event "BL 1314 SK König Tegel - SV Griesheim"]
[Site "?"]
[Date "2013.10.12"]
[Round "1.5"]
[White "Murdzia, Piotr"]
[Black "Sarbok, Torsten"]
[Result "1/2-1/2"]
[WhiteElo "2466"]
[BlackElo "2367"]
[PlyCount "139"]
[EventDate "2013.??.??"]

1. d4 d5 2. c4 e6 3. Nc3 Nf6 4. Nf3 Nbd7 5. cxd5 exd5 6. Bg5 Be7 7. Qc2 c6 8.
e3 O-O 9. Bd3 Re8 10. O-O Nf8 11. Rab1 Be6 12. b4 a6 13. Rfc1 Ng6 14. a4 Bd6
15. b5 cxb5 16. axb5 a5 17. Qb3 Rc8 18. b6 Bb4 19. Na2 Qxb6 20. Bxf6 gxf6 21.
Nxb4 Rxc1+ 22. Rxc1 axb4 23. Qa4 Re7 24. Rb1 Rc7 25. Ne1 Bd7 26. Qxb4 Qxb4 27.
Rxb4 Rc1 28. Kf1 Bc6 29. Ke2 Ra1 30. Rb2 Ne7 31. Nc2 Ra7 32. Nb4 h6 33. Nxc6
bxc6 34. Rb8+ Kg7 35. g3 Rc7 36. Re8 Nc8 37. Rd8 Ne7 38. Kf3 c5 39. dxc5 Rxc5
40. Kg2 Rc7 41. Be2 Ra7 42. Bg4 Ra2 43. Rd7 Kf8 44. Rd8+ Kg7 45. h3 Rb2 46. Bf3
Nf5 47. Kf1 Rb1+ 48. Ke2 Rb2+ 49. Ke1 Rb1+ 50. Bd1 Ne7 51. Rd7 Kf8 52. Rd6 Kg7
53. Kd2 Rb2+ 54. Bc2 Ra2 55. Kc1 Ra1+ 56. Bb1 Ra7 57. Bc2 Ra1+ 58. Kd2 Ra2 59.
h4 Ra3 60. Rb6 Ra2 61. Rb4 Nc6 62. Ra4 Rb2 63. Kc3 Rb5 64. Bb3 Rc5+ 65. Kb2 Rb5
66. Kc3 Rc5+ 67. Kb2 Rb5 68. Ka3 Rc5 69. Rf4 Rc3 70. Kb2 1/2-1/2

[Event "BL 1314 SK König Tegel - SV Griesheim"]
[Site "?"]
[Date "2013.10.12"]
[Round "1.6"]
[White "Muse, Drazen"]
[Black "Farago, Ivan"]
[Result "0-1"]
[WhiteElo "2398"]
[BlackElo "2477"]
[PlyCount "122"]
[EventDate "2013.??.??"]

1. d4 Nf6 2. Nf3 e6 3. c4 b6 4. e3 d5 5. Nc3 Bb7 6. cxd5 exd5 7. Bd3 Bd6 8. O-O
O-O 9. b3 a6 10. Bb2 Nbd7 11. Rc1 Ne4 12. Ne2 Qe7 13. Rc2 f5 14. Qa1 Rae8 15.
b4 Rf7 16. Ng3 c6 17. a3 Nxg3 18. hxg3 Bxg3 19. fxg3 Qxe3+ 20. Kh2 Qxd3 21. Rc3
Qb5 22. Ng5 Rff8 23. Re1 Nf6 24. a4 Ng4+ 25. Kh1 Qxa4 26. Qc1 Rxe1+ 27. Qxe1
Qd1 28. Rc1 Qxe1+ 29. Rxe1 h6 30. Nf3 Nf2+ 31. Kh2 Ne4 32. Ne5 Rd8 33. Rf1 Nd6
34. Bc1 Kh7 35. g4 fxg4 36. Nxg4 Kg8 37. Ne5 Nc4 38. Rf7 Nxe5 39. Rxb7 Nc4 40.
Bf4 a5 41. bxa5 bxa5 42. Ra7 Re8 43. Ra6 Re4 44. Kg3 Rxd4 45. Rxc6 a4 46. Ra6
a3 47. Ra7 Rd3+ 48. Kg4 Rd1 49. Kf5 Re1 50. g4 Kh7 51. Bg3 Re8 52. g5 hxg5 53.
Kxg5 d4 54. Bf2 Rd8 55. Be1 Re8 56. Bf2 Re5+ 57. Kf4 Ra5 58. Rc7 d3 59. Bd4 d2
60. Rxg7+ Kh6 61. Rg1 Nb2 0-1

[Event "BL 1314 SK König Tegel - SV Griesheim"]
[Site "?"]
[Date "2013.10.12"]
[Round "1.7"]
[White "Izsak, Gyula"]
[Black "Fruebing, Stefan"]
[Result "1/2-1/2"]
[WhiteElo "2444"]
[BlackElo "2372"]
[PlyCount "78"]
[EventDate "2013.??.??"]

1. Nf3 Nf6 2. c4 g6 3. d4 Bg7 4. g3 O-O 5. Bg2 d6 6. Nc3 Nc6 7. O-O a6 8. Bf4
Rb8 9. Rc1 Bd7 10. Nd5 Nh5 11. Be3 e6 12. Nf4 Nxf4 13. Bxf4 e5 14. dxe5 dxe5
15. Bg5 f6 16. Be3 Be6 17. Bc5 Rf7 18. Qc2 Qe8 19. Rfd1 Rd8 20. Rxd8 Qxd8 21.
Rd1 Rd7 22. Rxd7 Qxd7 23. Qd2 e4 24. Qxd7 Bxd7 25. Nd4 f5 26. Nxc6 Bxc6 27. b3
b6 28. Be3 Be5 29. f3 Kf7 30. Kf2 Ke6 31. fxe4 Bxe4 32. Bxe4 fxe4 33. h3 h5 34.
g4 hxg4 35. hxg4 Bd6 36. Bg5 Bc5+ 37. Kg3 Bd6+ 38. Kf2 Bc5+ 39. Kg3 Bd6+
1/2-1/2

[Event "BL 1314 SK König Tegel - SV Griesheim"]
[Site "?"]
[Date "2013.10.12"]
[Round "1.8"]
[White "Kachibadze, Georg"]
[Black "Walter, Stefan"]
[Result "0-1"]
[WhiteElo "2316"]
[BlackElo "2343"]
[PlyCount "84"]
[EventDate "2013.??.??"]

1. e4 e5 2. Nf3 Nc6 3. Bc4 Nf6 4. d3 Be7 5. O-O O-O 6. Re1 d6 7. a4 h6 8. h3
Nh7 9. a5 a6 10. Nc3 Ng5 11. Nxg5 Bxg5 12. Nd5 Bxc1 13. Qxc1 Be6 14. f4 exf4
15. Qxf4 Ne7 16. d4 Bxd5 17. exd5 Qd7 18. Qf3 Rae8 19. Bd3 g6 20. c3 Kg7 21.
Re2 Ng8 22. Rae1 Rxe2 23. Rxe2 Qa4 24. Rf2 Qxa5 25. Bxg6 Kxg6 26. Qf5+ Kg7 27.
Rf3 Qa1+ 28. Kh2 Qc1 29. h4 Kh8 30. Rg3 Qd1 31. b4 Qe2 32. c4 Qe7 33. Rg4 Re8
34. c5 Qe2 35. Rg3 Qe4 36. Qxf7 Qxh4+ 37. Rh3 Qe7 38. Qg6 Rf8 39. Rg3 Qh4+ 40.
Kg1 Qxd4+ 41. Kh2 Qh4+ 42. Kg1 Qf6 0-1

[Event "BL 1314 Schachfr. Berlin - SC Viernheim"]
[Site "?"]
[Date "2013.10.12"]
[Round "1.2"]
[White "Mista, Aleksander"]
[Black "Wells, Peter K"]
[Result "1-0"]
[WhiteElo "2582"]
[BlackElo "2485"]
[PlyCount "69"]
[EventDate "2013.??.??"]

1. e4 e5 2. Nf3 Nc6 3. Bb5 a6 4. Ba4 Nf6 5. O-O Be7 6. d3 b5 7. Bb3 d6 8. a4 b4
9. a5 O-O 10. Nbd2 Be6 11. Nc4 Rb8 12. h3 h6 13. Be3 Qc8 14. Nfd2 d5 15. Ba4
Qb7 16. Bxc6 Qxc6 17. Nxe5 Qa8 18. f3 Rfe8 19. Qe1 Rb5 20. d4 c5 21. dxc5 dxe4
22. fxe4 Nxe4 23. Nxe4 Qxe4 24. Nd3 b3 25. Rf4 Qh7 26. c4 Rbb8 27. Qc3 Bf5 28.
Nf2 Bf6 29. Bd4 Bg5 30. Rf3 Re2 31. c6 Be4 32. Rg3 f6 33. c7 Rc8 34. Bb6 Bf4
35. Qxf6 1-0

[Event "BL 1314 Schachfr. Berlin - SC Viernheim"]
[Site "?"]
[Date "2013.10.12"]
[Round "1.3"]
[White "Abergel, Thal"]
[Black "Michalik, Peter"]
[Result "1-0"]
[WhiteElo "2413"]
[BlackElo "2584"]
[PlyCount "101"]
[EventDate "2013.??.??"]

1. e4 c6 2. Ne2 d5 3. e5 d4 4. b4 f6 5. Nf4 g6 6. exf6 Nxf6 7. Bc4 Qd6 8. d3 e5
9. Ne2 Be6 10. Nd2 Bg7 11. Bxe6 Qxe6 12. O-O O-O 13. Ng3 Na6 14. a3 c5 15. b5
Nc7 16. Rb1 b6 17. Nc4 a6 18. a4 axb5 19. axb5 Nfd5 20. Ne4 Qd7 21. Bd2 Rab8
22. Rb3 h6 23. h3 Ne6 24. Qg4 Kh7 25. Ra1 Qe7 26. Rba3 Rb7 27. Ra8 Rxa8 28.
Rxa8 Ndc7 29. Rc8 Nxb5 30. Rc6 Nbc7 31. Nxb6 Rb8 32. Nc4 Qe8 33. Rd6 Rd8 34.
Bxh6 Rxd6 35. Bxg7 Kxg7 36. Nexd6 Qf8 37. Nxe5 Qf6 38. Nd7 Qd8 39. Ne5 Qf6 40.
Qe4 Ng5 41. Qc6 Qxe5 42. Qxc7+ Kg8 43. Qb8+ Kh7 44. Qb7+ Kh6 45. Ne4 Qf4 46.
Nxg5 Qxg5 47. Qb1 Qd2 48. g3 Qe2 49. Qb3 Qe1+ 50. Kg2 Qe7 51. Qd5 1-0

[Event "BL 1314 Schachfr. Berlin - SC Viernheim"]
[Site "?"]
[Date "2013.10.12"]
[Round "1.4"]
[White "Schneider, Ilja"]
[Black "Libiszewski, Fabien"]
[Result "1/2-1/2"]
[WhiteElo "2507"]
[BlackElo "2520"]
[PlyCount "41"]
[EventDate "2013.??.??"]

1. d4 d5 2. c4 e6 3. Nf3 Nf6 4. g3 dxc4 5. Bg2 Nc6 6. Qa4 Bb4+ 7. Bd2 Nd5 8.
Bxb4 Ndxb4 9. O-O Rb8 10. Na3 O-O 11. Qb5 b6 12. Qxc4 Ba6 13. Nb5 Qd5 14. Qxd5
Nxd5 15. a4 Na5 16. Ne5 Rbd8 17. Rac1 Nb3 18. Bxd5 Rxd5 19. Rxc7 Bxb5 20. axb5
Nxd4 21. Nc6 1/2-1/2

[Event "BL 1314 Schachfr. Berlin - SC Viernheim"]
[Site "?"]
[Date "2013.10.12"]
[Round "1.5"]
[White "Beikert, Guenther"]
[Black "Maksimenko, Andrei"]
[Result "1/2-1/2"]
[WhiteElo "2422"]
[BlackElo "2543"]
[PlyCount "73"]
[EventDate "2013.??.??"]

1. d4 Nf6 2. Nf3 c5 3. d5 b5 4. c4 Bb7 5. a4 Qa5+ 6. Bd2 b4 7. Qc2 g6 8. e4 d6
9. Bd3 Bg7 10. O-O O-O 11. Bg5 Nbd7 12. Nbd2 Rae8 13. h3 e5 14. g4 h5 15. Nh2
Nh7 16. Be3 hxg4 17. hxg4 Qd8 18. Kg2 Bc8 19. Rh1 f6 20. Nhf1 Rf7 21. Ng3 Ndf8
22. f3 Ng5 23. Rh2 Nfh7 24. Rah1 Bf8 25. Bf2 Rg7 26. Ndf1 Kf7 27. Ne3 Ke7 28.
Rh4 Kd7 29. R1h2 Kc7 30. Qd1 a5 31. Qh1 Ree7 32. b3 Ref7 33. Kf1 Be7 34. Rh6
Nf8 35. Kg2 Rh7 36. Ne2 Qe8 37. Bg3 1/2-1/2

[Event "BL 1314 Schachfr. Berlin - SC Viernheim"]
[Site "?"]
[Date "2013.10.12"]
[Round "1.6"]
[White "Dann, Matthias"]
[Black "Meinhardt, Maximilian"]
[Result "0-1"]
[WhiteElo "2450"]
[BlackElo "2394"]
[PlyCount "118"]
[EventDate "2013.??.??"]

1. e4 e6 2. d4 d5 3. Nc3 Nc6 4. Nf3 Nf6 5. e5 Ne4 6. Ne2 Bd7 7. c3 Na5 8. Ng3
c5 9. dxc5 Bxc5 10. Nxe4 dxe4 11. Ng5 e3 12. f4 Bb6 13. Qd3 Rc8 14. Bxe3 Nc4
15. Bxb6 Qxb6 16. b3 Ne3 17. Ne4 O-O 18. h4 Rfd8 19. Rh3 Nd5 20. Qd4 Qxd4 21.
cxd4 Nxf4 22. Rf3 Ng6 23. Nd6 Rc2 24. h5 Nh4 25. Rf2 Rxf2 26. Kxf2 Bc6 27. b4
g6 28. b5 Bd5 29. h6 Nf5 30. Nxf5 gxf5 31. Rc1 Bxa2 32. Rc7 Bd5 33. Ke3 Ra8 34.
g3 Kf8 35. Kf4 a5 36. bxa6 bxa6 37. Kg5 a5 38. Bb5 a4 39. Bxa4 Rxa4 40. Rc8+
Ke7 41. Rc7+ Kf8 42. Rc8+ Ke7 43. Rc7+ Ke8 44. Kf6 Rxd4 45. Re7+ Kd8 46. Kxf7
Rg4 47. Kf8 Rg8+ 48. Kxg8 Kxe7 49. Kxh7 Kf7 50. Kh8 Be4 51. h7 Bd3 52. g4 f4
53. g5 f3 54. g6+ Kxg6 55. Kg8 f2 56. h8=Q f1=Q 57. Qg7+ Kh5 58. Kh8 Bg6 59.
Qe7 Qf4 0-1

[Event "BL 1314 Schachfr. Berlin - SC Viernheim"]
[Site "?"]
[Date "2013.10.12"]
[Round "1.7"]
[White "Mandel, Andreas"]
[Black "Lauber, Arnd"]
[Result "0-1"]
[WhiteElo "2408"]
[BlackElo "2443"]
[PlyCount "68"]
[EventDate "2013.??.??"]

1. d4 Nf6 2. Nf3 e6 3. c4 b6 4. g3 Ba6 5. b3 d5 6. cxd5 exd5 7. Bg2 Bd6 8. O-O
O-O 9. Nc3 Re8 10. Re1 Bb7 11. Bb2 c5 12. Rc1 Na6 13. e3 Nc7 14. dxc5 bxc5 15.
Re2 Qe7 16. Rd2 Rad8 17. Ne1 Ba8 18. Ba3 h5 19. Nf3 g6 20. Bb2 Ne6 21. Ne2 Ne4
22. Rdc2 N6g5 23. Nxg5 Qxg5 24. Nf4 d4 25. Nh3 Qf6 26. f4 Bf8 27. Qd3 Qb6 28.
exd4 cxd4 29. Ng5 Nxg5 30. fxg5 Re3 31. Qc4 Bxg2 32. Rxg2 d3 33. Kh1 d2 34. Rf1
Qb7 0-1

[Event "BL 1314 Schachfr. Berlin - SC Viernheim"]
[Site "?"]
[Date "2013.10.12"]
[Round "1.8"]
[White "Thiede, Lars"]
[Black "Tresch, Ralf"]
[Result "1-0"]
[WhiteElo "2450"]
[BlackElo "2210"]
[PlyCount "75"]
[EventDate "2013.??.??"]

1. c4 c5 2. g3 Nc6 3. Bg2 g6 4. Nc3 Bg7 5. d3 d6 6. Nf3 e5 7. O-O Nge7 8. Ne1
O-O 9. Nc2 Be6 10. Ne3 Qd7 11. a3 Bh3 12. Rb1 Bxg2 13. Kxg2 f5 14. b4 cxb4 15.
axb4 f4 16. Ned5 Nxd5 17. Nxd5 Ne7 18. Nc3 g5 19. b5 g4 20. Ne4 Nf5 21. Kh1
fxg3 22. hxg3 Qe6 23. Kg2 Bh6 24. Rh1 Bxc1 25. Qxc1 h6 26. Qd2 Rf7 27. Rh5 Raf8
28. Rbh1 Rg7 29. Qa2 b6 30. Qd2 Rg6 31. Ra1 Rf7 32. Ra4 Rgg7 33. Rh1 Rd7 34.
Qa2 Qf7 35. c5 d5 36. c6 Rc7 37. Nc3 d4 38. Nd5 1-0

[Event "BL 1314 Werder Bremen - SG Solingen"]
[Site "?"]
[Date "2013.10.13"]
[Round "1.2"]
[White "Fressinet, Laurent"]
[Black "L'Ami, Erwin"]
[Result "1/2-1/2"]
[WhiteElo "2710"]
[BlackElo "2645"]
[PlyCount "167"]
[EventDate "2013.??.??"]

1. Nf3 Nf6 2. c4 e6 3. Nc3 d5 4. d4 Nbd7 5. Bf4 dxc4 6. e3 a6 7. a4 Bd6 8. Bg3
b6 9. Bxc4 Bb7 10. O-O Bxg3 11. hxg3 c5 12. d5 exd5 13. Nxd5 O-O 14. Nf4 Qe7
15. Qc2 Ne5 16. Nxe5 Qxe5 17. Rfd1 Bc6 18. Qe2 g5 19. Nd3 Qe4 20. Ne1 Rfd8 21.
Nf3 h6 22. b3 Bd5 23. Bxa6 Bxb3 24. Rxd8+ Rxd8 25. Qb2 Qe6 26. Nd2 Bd5 27. Be2
Ne4 28. Nxe4 Bxe4 29. a5 bxa5 30. Rxa5 c4 31. Rc5 Bd3 32. Bf3 Rc8 33. Bd5 Qd7
34. Rxc8+ Qxc8 35. Qf6 Qd7 36. Qd4 Qc7 37. Qc3 Kh7 38. e4 f6 39. Qxf6 c3 40.
Qf8 Qg7 41. Qf5+ Qg6 42. Qd7+ Qg7 43. Qf5+ Qg6 44. Qd7+ Qg7 45. Qc8 c2 46. Bb3
Bxe4 47. Bxc2 Qa1+ 48. Kh2 Bxc2 49. Qxc2+ Kg7 50. Qc7+ Kg6 51. Qd6+ Kg7 52.
Qc7+ Kg6 53. Qd6+ Kg7 54. Qe7+ Kg6 55. Qe6+ Kg7 56. f4 Qf6 57. Qd7+ Kg6 58.
Qe8+ Kg7 59. Qe4 h5 60. Kh3 Kh6 61. Kh2 Kg7 62. Kg1 Kh6 63. Qe3 Kg6 64. Kf2
Qb2+ 65. Kf1 Qb1+ 66. Ke2 Qc2+ 67. Qd2 Qe4+ 68. Kf2 Qe6 69. Qc2+ Kh6 70. Qb2
Kg6 71. Qc2+ Kh6 72. Qb2 Kg6 73. Qb7 Qa2+ 74. Ke3 Qa3+ 75. Ke4 Qa4+ 76. Ke3
Qa3+ 77. Ke2 Qa2+ 78. Kd3 Qa3+ 79. Ke2 Qa2+ 80. Kf3 Qa3+ 81. Kf2 Qc5+ 82. Ke2
Qc2+ 83. Ke3 Qc3+ 84. Ke2 1/2-1/2

[Event "BL 1314 Werder Bremen - SG Solingen"]
[Site "?"]
[Date "2013.10.13"]
[Round "1.3"]
[White "Smeets, Jan"]
[Black "Efimenko, Zahar"]
[Result "1/2-1/2"]
[WhiteElo "2620"]
[BlackElo "2661"]
[PlyCount "109"]
[EventDate "2013.??.??"]

1. e4 e5 2. Nf3 Nc6 3. Bb5 a6 4. Ba4 Nge7 5. O-O g6 6. c3 Bg7 7. d4 exd4 8.
cxd4 b5 9. Bb3 O-O 10. d5 Na5 11. Bd2 Nxb3 12. Qxb3 c5 13. Bc3 d6 14. Bxg7 Kxg7
15. Qc3+ Kg8 16. Qf6 Bg4 17. Nfd2 Nc8 18. Qf4 Bd7 19. Nc3 b4 20. Nd1 Bb5 21.
Re1 Nb6 22. Ne3 f6 23. a3 bxa3 24. Rxa3 Qe7 25. Rea1 Rae8 26. h3 Nd7 27. Nec4
Ne5 28. Nxe5 Qxe5 29. Qxe5 Rxe5 30. f3 f5 31. Rc3 fxe4 32. fxe4 Re7 33. Rf3 Be2
34. Re3 Bb5 35. Rf3 Be2 36. Rxf8+ Kxf8 37. Kf2 Bb5 38. g4 g5 39. Ke3 Kg7 40.
Rc1 Kf6 41. Nf3 Rb7 42. e5+ dxe5 43. Nd2 c4 44. Nxc4 Bxc4 45. Rxc4 Rxb2 46.
Rc6+ Kf7 47. Ke4 Rb3 48. Rc7+ Kf6 49. Rc6+ Kf7 50. Rh6 Kg7 51. Rxa6 Rxh3 52. d6
Kf6 53. d7+ Ke7 54. Rd6 Kd8 55. Kxe5 1/2-1/2

[Event "BL 1314 Werder Bremen - SG Solingen"]
[Site "?"]
[Date "2013.10.13"]
[Round "1.7"]
[White "Hoffmann, Michael"]
[Black "Markgraf, Alexander"]
[Result "1-0"]
[WhiteElo "2462"]
[BlackElo "2483"]
[PlyCount "101"]
[EventDate "2013.??.??"]

1. d4 f5 2. g3 Nf6 3. Bg2 g6 4. c4 Bg7 5. Nc3 O-O 6. Nh3 d6 7. d5 Na6 8. O-O
Nc5 9. Qc2 e5 10. dxe6 c6 11. Rd1 Qe7 12. b3 Bxe6 13. Bb2 Rad8 14. e3 Rfe8 15.
Ne2 Nce4 16. Rd3 Bf7 17. Nc3 g5 18. Re1 Bg6 19. f4 Nc5 20. Rdd1 h6 21. Nf2 gxf4
22. exf4 Qxe1+ 23. Rxe1 Rxe1+ 24. Bf1 a5 25. Kg2 Rde8 26. Be2 Nfe4 27. Ncxe4
Bxb2 28. Qxb2 Nxe4 29. Nxe4 Rxe4 30. Bf3 Re6 31. Qc3 a4 32. bxa4 Re7 33. a5
R1e3 34. Qd4 d5 35. cxd5 cxd5 36. Qf6 Kh7 37. Bxd5 Re2+ 38. Kh3 R2e3 39. Qf8
Rg7 40. Qf6 Rge7 41. Bg8+ Kxg8 42. Qxg6+ Kh8 43. Qxf5 Kg7 44. Kh4 Re2 45. h3
R2e3 46. Qc5 R3e4 47. g4 Rd7 48. f5 Red4 49. Qe5+ Kh7 50. Qe8 R4d6 51. f6 1-0

[Event "BL 1314 Werder Bremen - SG Solingen"]
[Site "?"]
[Date "2013.10.13"]
[Round "1.8"]
[White "Asendorf, Joachim"]
[Black "Wegerle, Joerg"]
[Result "0-1"]
[WhiteElo "2357"]
[BlackElo "2438"]
[PlyCount "160"]
[EventDate "2013.??.??"]

1. c4 Nf6 2. g3 e6 3. Bg2 d5 4. Nf3 Be7 5. O-O O-O 6. b3 a5 7. d3 a4 8. Bd2
axb3 9. Qxb3 Nbd7 10. Rc1 c6 11. h3 Nc5 12. Qc2 b6 13. Be3 Bb7 14. Nbd2 Ra6 15.
cxd5 cxd5 16. Nb3 Nfd7 17. d4 Nxb3 18. Qxb3 Ra3 19. Qb2 Ra7 20. Rc2 Bd6 21. Ne5
Nb8 22. Rb1 Ba6 23. Bf4 Bxe5 24. Bxe5 Nd7 25. Bd6 Re8 26. Bf1 Bc4 27. a3 b5 28.
e3 Nb6 29. Bc5 Na4 30. Qb4 Nxc5 31. Qxc5 Qa8 32. Rc3 Rc8 33. Qd6 Rc6 34. Qb4 g6
35. Bxc4 bxc4 36. Qb8+ Qxb8 37. Rxb8+ Kg7 38. Rb1 Rca6 39. Ra1 Ra4 40. Kf1 Rb7
41. Ra2 Rb1+ 42. Kg2 Kf6 43. h4 e5 44. dxe5+ Kxe5 45. Kf3 f5 46. Ke2 d4 47.
exd4+ Kxd4 48. Rf3 Rb3 49. Rd2+ Kc5 50. Rf4 Rbxa3 51. Rd8 Ra8 52. Rd7 R3a7 53.
Rdd4 Ra2+ 54. Kd1 Ra1+ 55. Ke2 R8a2+ 56. Kf3 Ra3+ 57. Kg2 Ra4 58. Kf3 Kb5 59.
Rd8 Ra8 60. Rd5+ Kb4 61. Rd7 R8a7 62. Rd8 R1a3+ 63. Ke2 Ra2+ 64. Kd1 Ra1+ 65.
Ke2 Re7+ 66. Kd2 Ra2+ 67. Kd1 Raa7 68. Rb8+ Rab7 69. Rc8 Rec7 70. Ra8 Kb3 71.
Kc1 Re7 72. Rf3+ c3 73. Rd3 Re1+ 74. Rd1 Rxd1+ 75. Kxd1 Kb2 76. Rc8 Rd7+ 77.
Ke2 c2 78. Rb8+ Kc1 79. Rc8 Re7+ 80. Kd3 Kd1 0-1

[Event "BL 1314 Hamburger SK - SG Turm Trier"]
[Site "?"]
[Date "2013.10.13"]
[Round "1.1"]
[White "Erdos, Viktor"]
[Black "Kravtsiv, Martyn"]
[Result "1/2-1/2"]
[WhiteElo "2661"]
[BlackElo "2609"]
[PlyCount "60"]
[EventDate "2013.??.??"]

1. Nf3 Nf6 2. g3 e6 3. Bg2 d5 4. c4 Be7 5. O-O O-O 6. d4 dxc4 7. Ne5 Nc6 8.
Bxc6 bxc6 9. Nxc6 Qe8 10. Nxe7+ Qxe7 11. Qc2 c5 12. Rd1 Rd8 13. dxc5 Rxd1+ 14.
Qxd1 Bb7 15. Nc3 Qxc5 16. Be3 Qc6 17. f3 e5 18. Qa4 Nd5 19. Qxc6 Bxc6 20. Nxd5
Bxd5 21. Rd1 Be6 22. Rd6 h6 23. Bd2 c3 24. Bxc3 Bxa2 25. e4 f6 26. Kf2 a5 27.
f4 exf4 28. gxf4 a4 29. e5 fxe5 30. Bxe5 Ra7 1/2-1/2

[Event "BL 1314 Hamburger SK - SG Turm Trier"]
[Site "?"]
[Date "2013.10.13"]
[Round "1.2"]
[White "Ernst, Sipke"]
[Black "Lupulescu, Constantin"]
[Result "1/2-1/2"]
[WhiteElo "2573"]
[BlackElo "2633"]
[PlyCount "46"]
[EventDate "2013.??.??"]

1. d4 Nf6 2. c4 e6 3. g3 c5 4. Nf3 cxd4 5. Nxd4 Qc7 6. Nd2 a6 7. Bg2 Nc6 8.
Nxc6 dxc6 9. O-O e5 10. Qc2 Be7 11. b3 O-O 12. Bb2 Be6 13. c5 a5 14. Rfd1 Rfd8
15. a3 Rd7 16. b4 Rad8 17. Nf3 Rxd1+ 18. Rxd1 Rxd1+ 19. Qxd1 Nd7 20. Qa4 f6 21.
Nd2 Nb8 22. Be4 axb4 23. axb4 Na6 1/2-1/2

[Event "BL 1314 Hamburger SK - SG Turm Trier"]
[Site "?"]
[Date "2013.10.13"]
[Round "1.3"]
[White "Sanikidze, Tornike"]
[Black "Kempinski, Robert"]
[Result "0-1"]
[WhiteElo "2556"]
[BlackElo "2585"]
[PlyCount "80"]
[EventDate "2013.??.??"]

1. d4 Nf6 2. c4 g6 3. f3 Bg7 4. e4 O-O 5. Nc3 d6 6. Be3 Nc6 7. Nge2 a6 8. Qd2
Bd7 9. h4 h5 10. Bg5 Re8 11. O-O-O b5 12. g4 hxg4 13. h5 Nxh5 14. Rxh5 gxh5 15.
Ng3 Nxd4 16. Bg2 f6 17. Bh6 Ne6 18. fxg4 Kf7 19. e5 Bxh6 20. Qxh6 Rh8 21. Qe3
dxe5 22. Bxa8 Qxa8 23. Rxd7 Qc6 24. Rd1 hxg4 25. cxb5 axb5 26. Kb1 Nd4 27. Nge2
b4 28. Nxd4 exd4 29. Qe4 Qxe4+ 30. Nxe4 f5 31. Rf1 Kg6 32. Nc5 Kf6 33. Nd7+ Kg5
34. Ne5 Rh2 35. Nc6 f4 36. a4 bxa3 37. bxa3 Rh6 38. Nxe7 g3 39. Kc2 g2 40. Rg1
f3 0-1

[Event "BL 1314 Hamburger SK - SG Turm Trier"]
[Site "?"]
[Date "2013.10.13"]
[Round "1.4"]
[White "Hansen, Sune Berg"]
[Black "Parligras, Mircea-Emilian"]
[Result "1/2-1/2"]
[WhiteElo "2567"]
[BlackElo "2575"]
[PlyCount "73"]
[EventDate "2013.??.??"]

1. Nf3 Nf6 2. g3 d5 3. Bg2 Bg4 4. c4 c6 5. Ne5 Be6 6. cxd5 Bxd5 7. Nf3 c5 8. d3
e6 9. O-O Be7 10. b3 O-O 11. Bb2 Nbd7 12. Nbd2 b5 13. Qc2 Rc8 14. Rac1 Qb6 15.
Qb1 Rfd8 16. Rc2 Bb7 17. Qa1 a6 18. Rfc1 Qd6 19. a3 Qb8 20. Bc3 Qa8 21. a4 Qb8
22. axb5 axb5 23. Ra2 Bf8 24. e4 Ne8 25. Ba5 Nc7 26. d4 Re8 27. Bc3 b4 28. Bb2
Nb5 29. Ra5 Nc3 30. Bxc3 bxc3 31. Rxc3 cxd4 32. Rxc8 Rxc8 33. Qxd4 Rc1+ 34. Bf1
Qc7 35. b4 Nf6 36. Ra7 Qc6 37. Ne5 1/2-1/2

[Event "BL 1314 Hamburger SK - SG Turm Trier"]
[Site "?"]
[Date "2013.10.13"]
[Round "1.5"]
[White "Bobras, Piotr"]
[Black "Svane, Rasmus"]
[Result "1-0"]
[WhiteElo "2518"]
[BlackElo "2458"]
[PlyCount "143"]
[EventDate "2013.??.??"]

1. e4 e6 2. d4 d5 3. Nc3 Nf6 4. e5 Nfd7 5. f4 c5 6. Nf3 Be7 7. Be3 O-O 8. Bd3
cxd4 9. Nxd4 Nc6 10. O-O Bc5 11. Nce2 f6 12. Kh1 Qe7 13. exf6 Nxf6 14. c3 Bd7
15. Qd2 Rae8 16. Rae1 e5 17. Nxc6 bxc6 18. Bxc5 Qxc5 19. fxe5 Rxe5 20. Nd4 Rxe1
21. Rxe1 Ng4 22. Rf1 Qd6 23. Rxf8+ Qxf8 24. Kg1 Qf6 25. h3 Ne5 26. b4 h6 27.
Qe3 Qg5 28. Qxg5 hxg5 29. Be2 Kf7 30. Kf2 Ke7 31. Ke3 Kd6 32. Nb3 Ng6 33. Nc5
Bc8 34. Bf1 Nh4 35. g3 Nf5+ 36. Kf3 Ne7 37. Ke3 Nf5+ 38. Kf3 Ne7 39. Bd3 Ng8
40. g4 Nf6 41. Ke3 Be6 42. Kd4 Bf7 43. Bc2 Bg8 44. Ba4 Bf7 45. Nb7+ Kc7 46.
Bxc6 Ng8 47. Kc5 Nf6 48. Nd6 Bg6 49. Nb5+ Kb8 50. Bxd5 Nxd5 51. Kxd5 Bf7+ 52.
Kd4 Bxa2 53. c4 Bb3 54. Nc3 Kc7 55. Ne4 Bd1 56. Nxg5 Kd7 57. Ne4 Ke6 58. b5 Be2
59. Nf2 Kf6 60. Ne4+ Ke6 61. Ng3 Bf3 62. c5 g6 63. Ne4 Be2 64. b6 axb6 65. cxb6
Kd7 66. Nc5+ Kc6 67. b7 Kc7 68. Ke3 Bd1 69. Kf4 Bc2 70. Kg5 Bb1 71. h4 Bc2 72.
h5 1-0

[Event "BL 1314 Hamburger SK - SG Turm Trier"]
[Site "?"]
[Date "2013.10.13"]
[Round "1.7"]
[White "Cioara, Andrei-Nestor"]
[Black "Mueller, Karsten"]
[Result "0-1"]
[WhiteElo "2455"]
[BlackElo "2528"]
[PlyCount "80"]
[EventDate "2013.??.??"]

1. d4 c5 2. d5 e6 3. c4 exd5 4. cxd5 d6 5. Nc3 g6 6. Nf3 Bg7 7. g3 Nf6 8. Bg2
O-O 9. O-O Nbd7 10. Bf4 Qe7 11. Re1 Nh5 12. Bg5 f6 13. Bd2 Ne5 14. Qc2 Bd7 15.
a4 Rae8 16. Rad1 a6 17. a5 Qd8 18. Na4 Bf5 19. Qb3 Bd7 20. Nb6 Bb5 21. Qc2
Nxf3+ 22. Bxf3 f5 23. b4 cxb4 24. Bxb4 Rf7 25. Rc1 Nf6 26. Qa2 Rc7 27. Qa3 Bf8
28. Rxc7 Qxc7 29. Rc1 Qb8 30. e3 Nd7 31. Qc3 Ne5 32. Bg2 Nd3 33. Rc2 Qd8 34.
Ba3 Bg7 35. Qb3 Qf6 36. Qa2 f4 37. gxf4 Nxf4 38. Rc8 Rxc8 39. Nxc8 Qc3 40. Ne7+
Kf7 0-1

[Event "BL 1314 Hamburger SK - SG Turm Trier"]
[Site "?"]
[Date "2013.10.13"]
[Round "1.8"]
[White "Van Delft, Merijn"]
[Black "Kolbus, Dietmar"]
[Result "1-0"]
[WhiteElo "2425"]
[BlackElo "2302"]
[PlyCount "119"]
[EventDate "2013.??.??"]

1. e4 c6 2. d4 d5 3. Nc3 g6 4. Nf3 Bg7 5. h3 dxe4 6. Nxe4 Nf6 7. Nxf6+ exf6 8.
Be2 O-O 9. O-O Re8 10. c4 Nd7 11. Be3 f5 12. Qc2 Qc7 13. Rfe1 b6 14. Rad1 Bb7
15. Qc1 Rac8 16. b4 Nf6 17. a3 Re6 18. Bf4 Qd8 19. Be5 h6 20. Qa1 Qf8 21. c5
Qd8 22. Bc4 Nd5 23. Bxg7 Kxg7 24. Rxe6 fxe6 25. Re1 Qf6 26. Bxd5 exd5 27. Qd1
Rc7 28. Qe2 Bc8 29. Qe8 g5 30. Ne5 bxc5 31. bxc5 Be6 32. Rb1 Bf7 33. Qb8 Qe7
34. a4 Be6 35. a5 Bc8 36. Re1 Qd8 37. a6 Kf6 38. Rb1 Qe7 39. Re1 Qd8 40. Qa8
Qe7 41. Ng4+ fxg4 42. Rxe7 Kxe7 43. Qb8 Kd7 44. hxg4 Bxa6 45. Qh8 Bc4 46. Qxh6
a5 47. Qxg5 a4 48. Qf5+ Kd8 49. Qf8+ Kd7 50. Qa8 Bb5 51. f4 Rc8 52. Qa7+ Rc7
53. Qa5 Rb7 54. g5 Bd3 55. Qxa4 Be4 56. g4 Rb2 57. Qa7+ Kd8 58. Qf7 Rb1+ 59.
Kf2 Rb2+ 60. Ke1 1-0